000 00676nam a22002297a 4500
005 20170124105940.0
010 _aA-934080
020 _c125.00
_a8170144124
035 _aA-934080
037 _bCen Lib/Ret
040 _aDPL
_bEN
082 _a332.1
_bSUN
100 _aSundharam, K. P. M.
_96786
245 _aMoney, banking, trade and finance /
_cby K P M Sundharam
250 _a35th ed
260 _aNew Delhi
_bSultan Chand and Sons
_c1998
270 _bNew Delhi
_a23, Darya Ganj
_e110002
300 _avarious pagings
_c21cm(Hb)
650 _aCommercial banking
_910953
650 _aInternational trade
_94053
942 _2ddc
_cEN
_h332.1
_mSUN
999 _c124495
_d124495